The Supreme court (Record no. 37222)

MARC details
000 -LEADER
fixed length control field 00441 a2200205 4500
100 ## - VEDETTE PRINCIPALE - NOM DE PERSONNE
Language of a work En
100 ## - VEDETTE PRINCIPALE - NOM DE PERSONNE
Personal name BAUM, Lawrence
260 ## - PUBLICATION, DISTRIBUTION, ETC. (IMPRINT)
Name of publisher, distributor, etc Universal book traders
245 ## - TITLE STATEMENT
Title The Supreme court
260 ## - PUBLICATION, DISTRIBUTION, ETC. (IMPRINT)
Place of publication, distribution, etc New Dehli
260 ## - PUBLICATION, DISTRIBUTION, ETC. (IMPRINT)
Date of publication, distribution, etc 1992
250 ## - EDITION STATEMENT
Edition statement 4e éd.
300 ## - PHYSICAL DESCRIPTION
Extent 289 p.
300 ## - PHYSICAL DESCRIPTION
Other physical details 23 cm
650 ## - SUBJECT ADDED ENTRY--TOPICAL TERM
Topical term or geographic name as entry element institutions judiciaires
630 ## - SUBJECT ADDED ENTRY--UNIFORM TITLE
Uniform title Droit, législation, administration
650 ## - SUBJECT ADDED ENTRY--TOPICAL TERM
Topical term or geographic name as entry element G
Holdings
Withdrawn status Lost status Damaged status Not for loan Location (home branch) Sublocation or collection (holding branch) Date acquired Koha issues (times borrowed) Koha full call number Koha date last seen Price effective from Koha item type
        Bibliothèque Universitaire Centrale Bibliothèque Universitaire Centrale 28/02/2009   347.991 BAU 28/02/2009 28/02/2009 Livre


© 2008, Bibliothèques de l'Université d'Abomey-Calavi

04 BP 789 Cotonou, Tél. : +229 21 36 01 01, Fax : +229 21 35 06 32

Courriel : bu@bu.uac.bj